000 00696nam a22001817a 4500
003 UA-OsUOA
001 19603
007 ta
008 20040906b un ||||| |||| 00| 0 ukr d
100 _aПочаєвець А.
942 _cSA
040 _aUA-OsUOA
_cUA-OsUOA
_dUA-OsUOA
245 _aПоліські етюди. Серпень. Іван Франко у Криворівні. До світла. Легенда про страту Довбуша
_b[Вірші. Містяться короткі відомості про автора]
300 _aС.2
955 _a0
773 0 _w0
_tПрапор перемоги
_dРадивилів
_d2004
_g№67/20 серп./
650 7 _aВірші
_2UDC
999 _c305774
_d305774